000 01016nam a22002177a 4500
003 NALT
005 20240724233211.0
008 s2546 th tha d
040 _aNALT
041 _atha
050 _aHE5739.T5
_bว712ค
100 0 _aวิโรจน์ ศรีสุรภานนท์
245 1 0 _aโครงการ แนวทางในการพัฒนาการใช้จักรยานในกรุงเทพมหานคร
260 3 _aกรุงเทพฯ :
_bสำนักงานกองทุนสนับสนุนการวิจัย,
_c2546
300 _a287 หน้า :
_bภาพประกอบ, ตาราง, แผนที่ ;
_c30 ซม.
650 0 4 _aจักรยาน -- กรุงเทพมหานคร -- วิจัย
650 0 4 _aจักรยาน -- วิจัย
850 _aNALT
942 _cRSH
_2lcc
999 _c42893
_d42893
998 _j109
_k อารีรัตน์ วิชาช่าง